Loading...
| Mythology | 0 | 2 | 0 | 0 | 20 | 81 | 94.50 | 0 | 0 | 0.00 | 0.00 |
| Science - Other | 0 | 2 | 0 | 0 | 20 | 47 | 68.50 | 0 | 1 | 0.00 | 0.00 |
| Science - Physics | 0 | 2 | 1 | 1 | 15 | 102 | 103.50 | 0 | 0 | 0.00 | 0.00 |
| Painting/Sculpture | 0 | 1 | 0 | 0 | 10 | 95 | 95.00 | 0 | 0 | 0.00 | 0.00 |
| Pop Culture | 0 | 1 | 0 | 0 | 10 | 67 | 67.00 | 0 | 0 | 0.00 | 0.00 |
| Current Events | 0 | 1 | 0 | 0 | 10 | 54 | 54.00 | 0 | 0 | 0.00 | 0.00 |
| Fine Arts - Other | 0 | 1 | 0 | 0 | 10 | 120 | 120.00 | 0 | 0 | 0.00 | 0.00 |
| Geography | 0 | 1 | 0 | 0 | 10 | 78 | 78.00 | 0 | 0 | 0.00 | 0.00 |
| Science - Chemistry | 0 | 0 | 1 | 0 | -5 | 0.00 | 0 | 0 | 0.00 | 0.00 | |
| Social Science | 0 | 0 | 1 | 0 | -5 | 0.00 | 0 | 0 | 0.00 | 0.00 |